000 00625nam a22001697a 4500
003 MACL
005 20160728115428.0
008 160728b xxu||||| |||| 00| 0 eng d
040 _cMACL
041 _aHindi
082 _a800 DHI
100 _aढींगरा, सुधा ओम
_965589
245 _aवैश्विक रचनाकार : कुछ मूलभूत जिज्ञासाऍ
_cसुधा ओम ढींगरा
260 _aनई दिल्‍ली
_bशिवना प्रकाशन
_c2013
650 _aसाक्षात्‍कार
_931561
942 _2ddc
_cHIN
999 _c55191
_d55191